| 000 | 00331nam a22001337a 4500 | ||
|---|---|---|---|
| 003 | LK-CoDNM | ||
| 005 | 20240823124456.0 | ||
| 008 | 240823b |||||||| |||| 00| 0 eng d | ||
| 040 |
_aLK-CoDNM _dLK-CoDNM _eLK-CoDNM |
||
| 080 | _bGP1932 | ||
| 245 | _aCeylon blue book | ||
| 260 |
_aColombo _bGovernment printers _c1932 |
||
| 942 | _cBK | ||
| 999 |
_c148817 _d148817 |
||